Countries by the Countries that they Hate - Click Map - Statistics

General Stats
  • This quiz has been taken 21 times
    8 since last reset
  • The average score is 6 of 11
Answers on the Map
Answers color-coded by a green-red scale on the quiz's map according to % correct below.
 
Answer Stats
Answer % Correct
Egypt, Italy, Eritrea
86%
North Korea, China, Japan
86%
Pakistan, China, Bangladesh
86%
China, United Kingdom, Mexico
71%
Russia, Germany, Belarus
71%
Azerbaijan, Turkey, Pakistan
43%
Greece, Bulgaria, Albania
43%
Iran, Egypt, Yemen
43%
United Kingdom, Norway, Russia
43%
Germany, India, Russia
29%
China, France, USA
14%
No matching quizzes found
Score Distribution
Percent of People with Each Score
Percentile by Number Answered
Your Score History
You have not taken this quiz since the last reset